The Alphabet In Random Order - Statistics

General Stats
  • This quiz has been taken 51 times
  • The average score is 12 of 26
Answer Stats
Answer % Correct
a
95%
j
95%
l
85%
q
78%
k
71%
e
56%
t
56%
i
49%
r
41%
c
39%
d
34%
f
34%
g
34%
h
34%
b
32%
m
32%
n
32%
o
29%
p
29%
s
29%
u
29%
v
29%
w
29%
x
27%
y
27%
z
27%
No matching quizzes found
Score Distribution
Percent of People with Each Score
Percentile by Number Answered
Your Score History
You have not taken this quiz